| 000 | 00393nam a2200157Ia 4500 | ||
|---|---|---|---|
| 008 | 250916s9999 xx 000 0 und d | ||
| 020 | _a9781617295911 | ||
| 082 | _a006.31 SER | ||
| 100 | _aSerrano, Luis G. | ||
| 245 | 0 | _aGrokking machine learning | |
| 250 | _a1st | ||
| 260 |
_aNew York: _bManning Publications Co, _c2021 |
||
| 300 | _a489 p. | ||
| 600 | _aComputer Science | ||
| 942 | _cBK | ||
| 999 |
_c31617 _d31617 |
||